000
00227nam a2200085Ia 4500
245
0
_a
Spud - learning to fly
100
_a
VAN DE RUIT, John Johannesburg, 2009
942
_c
BK
008
210825s9999 xx 000 0 und d
999
_c
570139
_d
570138